00366 2200157 4500001002100000005001500021035002000036245003200056100002200088300001200110260003100122082000800153084001400161020002100175990001200196INLIS00000000000177620250506083701 a0010-05250000681 aShiver /cMaggie Stiefvater0 aMaggie Stiefvater a432 hlm aJakarta :bGramedia,c2010 a800 a800 MAG s a978-979-22-596-4 a0754591